Письма и телеграммы Бабо к Лорис-Меликову Тариэлу Михайловичу

RUSMARC
00005402nac2a22003853x 450
001bcf8f1a6-dc96-41ee-af46-47a659527845
00520240723125139.0
100##$a20240716l1899 k y0rusy50 ca
1010#$arus
102##$aRU
105##$ay z |||e|
1220#$ad18991231
2001#$aПисьма и телеграммы Бабо к Лорис-Меликову Тариэлу Михайловичу
$j1899
215##$a10 листов
$d26,3 х 20,5
251##$cДело
300##$aЗаголовок дела на папке: Письмо и телеграммы Бабо к Лорис-Меликову, Тариэлу Михайловичу
300##$aЛисты: 1, 3об - вензель; 3 (1 марка) - конверт
300##$aВ деле имеются телеграммы
300##$aРукописный и типографский текст
325##$aЗамикрофильмировано
330##$aВходит в раздел описи: Письма к жене и детям М. Т. Лорис-Меликова
461#0$1001cda3d175-ae4a-411a-8dea-9cc20fb178f6
$12001
$aЛорис-Меликов Михаил Тариелович, граф, министр внутренних дел, главный начальник "верховной распорядительной комиссии по охранению государственного порядка и общественного спокойствия", генерал от кавалерии
$1251
$cФонд
$1852
$j569
462#0$1001163e060a-d7cc-404d-90ee-e28c9801971b
$12001
$aОпись дел фонда М. Т. Лорис-Меликова за 1858-1915 гг.
$vД. 261
$1251
$cОпись
$1852
$j1
5171#$aПисьмо и телеграммы Бабо к Лорис-Меликову, Тариэлу Михайловичу
600#1$aЛорис-Меликов
$bТ. М.
$gТариэл Михайлович
600#1$aБабо
605##$3DITM\AF\0000002775
$aВласть
$lколлекция
$2acquisition_prlib
6101#$aПисьма
$aТелеграммы
686##$a63.3(2)535-332ю1
$cИстория
$2rubbk
686##$a67.400.6ю1
$cПраво
$2rubbk
700#1$aБабо
702#1$aЛорис-Меликов
$bТ. М.
$gТариэл Михайлович
$4660
801#0$aRU
$bGA_RF
801#1$aRU
$bГлавНИВЦ
$c20240716
$2rusmarc
801#2$aRU
$bПБ им. Б.Н. Ельцина
$c20240723
$gRCR
$2rusmarc
852##$aГА РФ
$j261
937##$d193076065
$hГАРФ
035##$aRuPRLIB51076713
856##$uhttp://readingroom.main.prlib.ru/item.aspx?id_node=n193076065&mode=full
Формат отображения